000 00503nam a2200169 i 4500
001 19769
003 ES-MaACL
005 20230906152148.0
007 t|
008 021011s1968 sp ||||1| spa d
100 1 _aAbumalham, Emilio Jalil,
_d1935-2013
_918195
245 1 0 _aRaices y pensamientos /
_cEmilio Jalil Abumalham.
260 _a[Ceuta :
_bs.n.,
_c1968] (
_fImp. Imperio)
300 _a130 p. :
_b1 retr. aut., il. ;
_c17 cm.
852 _aES-MaACL
_jC-36706
_bR.66235
999 _c19769
_d19769